01423nam a2200337 a 4500001001000000003000900010005001700019007000300036008004100039020001800080040002500098082001900123100003700142245009900179250001200278260006000290300002700350490004100377500003300418504002300451590002700474700003300501830004400534910000700578942001400585952012600599952011200725952011700837952011400954999001701068000046790DO-SdBNP20240302073951.0ta081127s2014 dr a 000 0 spa d a9789945468472 aDO-SdBNPbspacBNPHU axxxbC343p2221 aCassá, Roberto, d1948-91088810aPedro Santana :bautócrata y anexionista /cRoberto Cassá ; ilustraciones José Mercader. a3a. ed. aSanto Domingo :bTobogán,c2014fEditora Alfa & Omega a58 p. :bil. ;c21 cm.0 aBiografías dominicanas Tobogán ; aincluye datos biografícos. aBiografía: p. 55 aInventariado, 2018/ YL1 aMercader, Joséeil.956560 0aBiografías dominicanas Tobogán9769 aYL 2ddccLBS1 001054708DSaGRbGRcHDd2018-03-26iLF1l0oxxx xxxxp46790-30r2020-06-25te.3w2020-06-25yLFDSZPréstamo en sala 0010718PDaPDbPDcHDd2018-03-26iLF1l0oxxx xxxxp46790-10r2020-06-25w2020-06-25yLFPDZNo se presta 0010718PDaPDbPDcHDd2018-03-26iLF1l0oxxx xxxxp46790-20r2020-06-25te.2w2020-06-25yLFPDZNo se presta 00102ddc56708DSaBNPHUbBNPHUcCTd2023-01-20l0oxxx C343pp2023-0324r2023-01-20te.4w2023-01-20yLBS1 c46279d46279